Determinantes de la cartera irregular de los Bancos en Argentina (Registro nro. 15041)
[ vista simple ]
| 000 -LEADER | |
|---|---|
| fixed length control field | 00380 a2200121 4500 |
| 001 - CONTROL NUMBER | |
| control field | ART_7045 |
| 005 - DATE AND TIME OF LATEST TRANSACTION | |
| control field | 20260410161659.0 |
| 008 - FIXED-LENGTH DATA ELEMENTS--GENERAL INFORMATION | |
| fixed length control field | 260409a |
| 100 1# - MAIN ENTRY--PERSONAL NAME | |
| Personal name | Bebczuk, Ricardo |
| 245 10 - TITLE STATEMENT | |
| Title | Determinantes de la cartera irregular de los Bancos en Argentina |
| 700 1# - ADDED ENTRY--PERSONAL NAME | |
| Personal name | Sangiácomo, Máximo |
| 773 0# - HOST ITEM ENTRY | |
| Title | Ensayos Económicos |
| Related parts | - Nº 51 (abr./sep. 2008) |
| Record control number | REV620 |
No hay ítems disponibles.